Statistics for 20 Westernmost British Cities

Click here to take the quiz!

General Stats

  • This quiz has been taken 237 times
  • The average score is 12 of 20

Answer Stats

LongitudeCity% Correct
3.1791° WCardiff
94%
3.9436° WSwansea
90%
5.9301° WBelfast
87%
2.9916° WLiverpool
82%
7.3086° WLondonderry
78%
4.1426° WPlymouth
77%
3.5339° WExeter
73%
5.0510° WTruro
72%
4.2518° WGlasgow
71%
2.9977° WNewport
62%
3.1883° WEdinburgh
54%
5.2660° WSt Davids
47%
4.1293° WBangor
45%
4.2247° WInverness
43%
6.6528° WArmagh
42%
6.3402° WNewry
38%
6.0580° WLisburn
36%
3.4308° WPerth
35%
3.9369° WStirling
32%
3.4419° WSt Asaph
27%

Score Distribution

Percentile by Number Answered

Percent of People with Each Score

Your Score History

You have not taken this quiz